[Event "Muensterland Verbandsliga 1920"]
[Site "Germany"]
[Date "2019.11.09"]
[Round "3.1"]
[White "Delere, Adrian"]
[Black "Teloeken, Daniel"]
[Result "0-1"]
[WhiteElo "1841"]
[BlackElo "1943"]
[PlyCount "54"]
[EventDate "2019.09.07"]
[EventType "team-tourn"]
[EventRounds "7"]
[EventCountry "GER"]
[SourceTitle "EXT 2023"]
[Source "ChessBase"]
[SourceDate "2022.10.05"]
[SourceVersion "1"]
[SourceVersionDate "2022.10.05"]
[SourceQuality "1"]
[WhiteTeam "Emsdetten Rochade II"]
[BlackTeam "Suedlohn II"]
[WhiteTeamCountry "GER"]
[BlackTeamCountry "GER"]

1. e4 c5 2. Nc3 g6 3. g3 Bg7 4. Bg2 Nc6 5. f4 Rb8 6. Nf3 b5 7. 0-0 d6 8. d3 Nf6 9. h3 0-0 10. g4 b4 11. Ne2 a5 12. Ng3 Qb6 13. g5 Nd7 14. Kh2 Ba6 15. Rb1 c4 16. Rh1 Rfc8 17. h4 cxd3 18. cxd3 Nd4 19. h5 Nxf3+ 20. Qxf3 Rc2 21. Be3 Bd4 22. Bxd4 Qxd4 23. hxg6 hxg6 24. Rbd1 Rf2 25. Qg4 Qxb2 26. Qxd7 Rxg2+ 27. Kh3 Bc8 0-1

[Event "Dortmund Sparkassen op 47th"]
[Site "Dortmund"]
[Date "2019.07.20"]
[Round "8"]
[White "Delere, Adrian"]
[Black "Spickermann, Sven"]
[Result "0-1"]
[WhiteElo "1858"]
[BlackElo "2008"]
[PlyCount "72"]
[EventDate "2019.07.13"]
[EventType "swiss"]
[EventRounds "9"]
[EventCountry "GER"]
[SourceTitle "EXT 2020"]
[Source "ChessBase"]
[SourceDate "2019.10.17"]
[SourceVersion "1"]
[SourceVersionDate "2019.10.17"]
[SourceQuality "1"]

1. e4 e5 2. Nf3 Nc6 3. Nc3 Nf6 4. d4 exd4 5. Nxd4 Bc5 6. Be3 Bb6 7. Nxc6 bxc6 8. Bxb6 axb6 9. Bc4 b5 10. Bd3 0-0 11. 0-0 b4 12. Ne2 d5 13. Ng3 c5 14. b3 Bg4 15. Qc1 Be6 16. a4 bxa3 17. Rxa3 Qd6 18. Rd1 Rxa3 19. Qxa3 dxe4 20. Be2 Qc6 21. Qa4 Qxa4 22. bxa4 h6 23. a5 Ra8 24. Ra1 Bd5 25. Kf1 g6 26. Ke1 Bc6 27. Kd2 Nd7 28. f3 exf3 29. Bxf3 Bxf3 30. gxf3 Ne5 31. Kc3 Nc6 32. Kc4 Nxa5+ 33. Kb5 c6+ 34. Kxc5 Nb7+ 35. Kxc6 Rxa1 36. Kxb7 Rc1 0-1

[Event "Muensterland Verbandsliga 1819"]
[Site "Germany"]
[Date "2019.02.16"]
[Round "7.1"]
[White "Henke, Wolfgang1111"]
[Black "Delere, Adrian"]
[Result "0-1"]
[WhiteElo "1762"]
[BlackElo "1825"]
[PlyCount "42"]
[EventDate "2018.09.01"]
[EventType "team-tourn"]
[EventRounds "9"]
[EventCountry "GER"]
[SourceTitle "EXT 2020"]
[Source "ChessBase"]
[SourceDate "2019.10.17"]
[SourceVersion "1"]
[SourceVersionDate "2019.10.17"]
[SourceQuality "1"]
[WhiteTeam "Beelen"]
[BlackTeam "Emsdetten Rochade II"]
[WhiteTeamCountry "GER"]
[BlackTeamCountry "GER"]

1. e4 e5 2. f4 exf4 3. Nf3 g5 4. h4 g4 5. Ne5 Nf6 6. Nxg4 Nxe4 7. Bb5 Ng3 8. Rh2 Qe7+ 9. Be2 d5 10. Nf2 Bf5 11. d3 Bh6 12. Nd2 Nc6 13. Nf3 0-0-0 14. Nh3 Rhe8 15. Nhg1 Rd6 16. Kf2 Re6 17. Bf1 Ne5 18. Nxe5 Rxe5 19. Nf3 Bg4 20. Qd2 Bxf3 21. gxf3 Re1 0-1

[Event "Muensterland Verbandsliga 1819"]
[Site "Germany"]
[Date "2018.11.24"]
[Round "4.1"]
[White "Delere, Adrian"]
[Black "Janssen, Dirk"]
[Result "1/2-1/2"]
[WhiteElo "1825"]
[BlackElo "1962"]
[PlyCount "80"]
[EventDate "2018.09.01"]
[EventType "team-tourn"]
[EventRounds "9"]
[EventCountry "GER"]
[SourceTitle "EXT 2020"]
[Source "ChessBase"]
[SourceDate "2019.10.17"]
[SourceVersion "1"]
[SourceVersionDate "2019.10.17"]
[SourceQuality "1"]
[WhiteTeam "Emsdetten Rochade II"]
[BlackTeam "Muenster IV"]
[WhiteTeamCountry "GER"]
[BlackTeamCountry "GER"]

1. f4 d5 2. Nf3 g6 3. g3 Bg7 4. Bg2 c5 5. 0-0 Nf6 6. d3 0-0 7. Nbd2 d4 8. e4 dxe3 9. Nb3 Qc7 10. Bxe3 b6 11. Qe2 Nd5 12. Ne5 Nxe3 13. Qxe3 Bb7 14. Bxb7 Qxb7 15. Rae1 e6 16. Qe4 Qxe4 17. Rxe4 Bxe5 18. fxe5 Nc6 19. a3 Rad8 20. Rf2 Rd5 21. Rfe2 Rc8 22. Kg2 Kf8 23. Kf3 Ke7 24. Kf4 Rc7 25. Kf3 a5 26. a4 Nd4+ 27. Nxd4 cxd4 28. Rf2 Rdc5 29. Ree2 b5 30. axb5 Rxb5 31. b3 Rcc5 32. Kf4 h6 33. h4 g5+ 34. hxg5 hxg5+ 35. Kxg5 Rxe5+ 36. Kf4 Rxe2 37. Rxe2 Rf5+ 38. Ke4 Rd5 39. g4 f6 40. Rg2 Rd8 1/2-1/2

[Event "Muensterland Verbandsliga 1819"]
[Site "Germany"]
[Date "2018.09.22"]
[Round "2.1"]
[White "Pliete, Christian"]
[Black "Delere, Adrian"]
[Result "1-0"]
[WhiteElo "1826"]
[BlackElo "1825"]
[PlyCount "60"]
[EventDate "2018.09.01"]
[EventType "team-tourn"]
[EventRounds "9"]
[EventCountry "GER"]
[SourceTitle "EXT 2020"]
[Source "ChessBase"]
[SourceDate "2019.10.17"]
[SourceVersion "1"]
[SourceVersionDate "2019.10.17"]
[SourceQuality "1"]
[WhiteTeam "Raesfeld Erle II"]
[BlackTeam "Emsdetten Rochade II"]
[WhiteTeamCountry "GER"]
[BlackTeamCountry "GER"]

1. e4 Nf6 2. e5 Ng8 3. Bc4 Nc6 4. f4 d6 5. Nf3 Bg4 6. Bxf7+ Kxf7 7. Ng5+ Ke8 8. Qxg4 dxe5 9. Ne6 Nf6 10. Nxd8 Nxg4 11. Nxc6 bxc6 12. h3 Nh6 13. fxe5 g6 14. g4 Bg7 15. d4 c5 16. c3 cxd4 17. cxd4 c5 18. dxc5 Bxe5 19. Nc3 Nf7 20. Bd2 Bd4 21. 0-0-0 Bxc5 22. Rhe1 Kf8 23. Nd5 Bd6 24. Bc3 e5 25. Nf6 Rc8 26. Kb1 Ke7 27. Ne4 Bb8 28. Bb4+ Ke6 29. Rf1 Nd6 30. Nxd6 Rc4 1-0

[Event "Muensterland Verbandsliga 1718"]
[Site "Germany"]
[Date "2018.02.10"]
[Round "6.3"]
[White "Voss, Norbert"]
[Black "Delere, Adrian"]
[Result "1/2-1/2"]
[WhiteElo "1850"]
[BlackElo "1832"]
[PlyCount "25"]
[EventDate "2017.09.09"]
[EventType "team-tourn"]
[EventRounds "9"]
[EventCountry "GER"]
[SourceTitle "EXT 2019"]
[Source "ChessBase"]
[SourceDate "2018.10.10"]
[SourceVersion "1"]
[SourceVersionDate "2018.10.10"]
[SourceQuality "1"]
[WhiteTeam "Muenster SK IV"]
[BlackTeam "Emsdetten Rochade II"]
[WhiteTeamCountry "GER"]
[BlackTeamCountry "GER"]

1. c4 f5 2. g3 Nf6 3. Bg2 g6 4. d3 Bg7 5. e4 d6 6. exf5 Bxf5 7. Ne2 Nc6 8. 0-0 0-0 9. Nbc3 Rb8 10. d4 Nb4 11. Be3 c6 12. Qd2 Nc2 13. Rac1 1/2-1/2

[Event "NRW Class1 1718"]
[Site "Germany"]
[Date "2018.01.28"]
[Round "5.6"]
[White "Berndt, Axel"]
[Black "Delere, Adrian"]
[Result "1/2-1/2"]
[WhiteElo "2151"]
[BlackElo "1765"]
[PlyCount "60"]
[EventDate "2017.09.17"]
[EventType "team-tourn"]
[EventRounds "9"]
[EventCountry "GER"]
[SourceTitle "EXT 2019"]
[Source "ChessBase"]
[SourceDate "2018.10.10"]
[SourceVersion "1"]
[SourceVersionDate "2018.10.10"]
[SourceQuality "1"]
[WhiteTeam "Duesseldorf II"]
[BlackTeam "Emsdetten Rochade"]
[WhiteTeamCountry "GER"]
[BlackTeamCountry "GER"]

1. e4 e5 2. Nf3 Nc6 3. d4 exd4 4. Nxd4 Nf6 5. Nxc6 bxc6 6. e5 Qe7 7. Qe2 Nd5 8. c4 Ba6 9. b3 g6 10. Bb2 Bg7 11. g3 0-0 12. Bg2 Rae8 13. 0-0 Bxe5 14. Bxe5 Qxe5 15. Qxe5 Rxe5 16. cxd5 Bxf1 17. Kxf1 cxd5 18. Nc3 c6 19. Rd1 Rfe8 20. Bf3 a5 21. h4 h5 22. Na4 Kf8 23. Nc5 Ke7 24. Rd4 Kd6 25. Nd3 Rf5 26. Nf4 Kc5 27. Ra4 Kb6 28. Rd4 Kc5 29. Ra4 Kb6 30. Rd4 Kc5 1/2-1/2

[Event "GER-chT Lands U20"]
[Site "Hannover"]
[Date "2017.10.03"]
[Round "5.3"]
[White "Delere, Adrian"]
[Black "Zimmer, Luca"]
[Result "1-0"]
[WhiteElo "1880"]
[BlackElo "1435"]
[PlyCount "71"]
[EventDate "2017.09.29"]
[EventType "team-swiss"]
[EventRounds "7"]
[EventCountry "GER"]
[SourceTitle "EXT 2018"]
[Source "ChessBase"]
[SourceDate "2017.10.13"]
[SourceVersion "1"]
[SourceVersionDate "2017.10.13"]
[SourceQuality "1"]
[WhiteTeam "Nordrhein Westfalen U20"]
[BlackTeam "Saarland U20"]
[WhiteTeamCountry "GER"]
[BlackTeamCountry "GER"]

1. e4 e6 2. d4 d5 3. Nc3 Bb4 4. e5 c5 5. a3 Bxc3+ 6. bxc3 Ne7 7. Qg4 0-0 8. Bd3 Nbc6 9. Nf3 Ng6 10. Bxg6 fxg6 11. h4 Qa5 12. Bd2 Qa4 13. Kd1 Rf5 14. h5 Nxe5 15. Nxe5 Rxe5 16. hxg6 hxg6 17. Qxg6 Rf5 18. Qh7+ Kf7 19. Bh6 Qd7 20. Qxg7+ Ke8 21. Qg8+ Ke7 22. Bg5+ Kd6 23. Rh7 Qa4 24. Qd8+ Bd7 25. dxc5+ Kxc5 26. Be3+ Kd6 27. Qxa8 Rxf2 28. Qb8+ Kc6 29. Bxf2 Qg4+ 30. Kc1 Qg5+ 31. Kb2 d4 32. c4 Qd2 33. Be1 Qxg2 34. Qd8 d3 35. Qxd7+ Kb6 36. Qb5# 1-0

[Event "GER-chT Lands U20"]
[Site "Hannover"]
[Date "2017.10.01"]
[Round "3.3"]
[White "Kololli, Martin"]
[Black "Delere, Adrian"]
[Result "1-0"]
[WhiteElo "2239"]
[BlackElo "1880"]
[PlyCount "81"]
[EventDate "2017.09.29"]
[EventType "team-swiss"]
[EventRounds "7"]
[EventCountry "GER"]
[SourceTitle "EXT 2018"]
[Source "ChessBase"]
[SourceDate "2017.10.13"]
[SourceVersion "1"]
[SourceVersionDate "2017.10.13"]
[SourceQuality "1"]
[WhiteTeam "Schleswig Holstein U20"]
[BlackTeam "Nordrhein Westfalen U20"]
[WhiteTeamCountry "GER"]
[BlackTeamCountry "GER"]

1. e4 e5 2. Nf3 Nc6 3. Bc4 Bc5 4. c3 Nf6 5. d3 a6 6. 0-0 Ba7 7. Re1 0-0 8. Bb3 d6 9. h3 h6 10. Nbd2 Be6 11. Bc2 Nh7 12. Nf1 f5 13. d4 exd4 14. cxd4 fxe4 15. Bxe4 Bf5 16. Bd5+ Kh8 17. Ng3 Bg6 18. Be3 Nf6 19. Nh4 Bh7 20. Be6 Ne4 21. Qg4 Nf6 22. Qd1 Ne4 23. Qg4 Nf6 24. Ng6+ Bxg6 25. Qxg6 Ne7 26. Qd3 Nfd5 27. Nh5 Qe8 28. g4 Nxe3 29. fxe3 Ng6 30. Bb3 Nh4 31. Bc2 g6 32. Rf1 Qc6 33. d5 Qc5 34. Rae1 Rxf1+ 35. Qxf1 gxh5 36. Qf6+ Kg8 37. Qe6+ Kg7 38. Qe7+ Kg8 39. Qh7+ Kf8 40. Rf1+ Ke8 41. Qg8+ 1-0

[Event "Muensterland Verbandsliga 1718"]
[Site "Germany"]
[Date "2017.09.09"]
[Round "1.3"]
[White "Delere, Adrian"]
[Black "Kuhlenbaeumer, Alfred"]
[Result "1/2-1/2"]
[WhiteElo "1832"]
[BlackElo "1879"]
[PlyCount "53"]
[EventDate "2017.09.09"]
[EventType "team-tourn"]
[EventRounds "9"]
[EventCountry "GER"]
[SourceTitle "EXT 2019"]
[Source "ChessBase"]
[SourceDate "2018.10.10"]
[SourceVersion "1"]
[SourceVersionDate "2018.10.10"]
[SourceQuality "1"]
[WhiteTeam "Emsdetten Rochade II"]
[BlackTeam "Telgte"]
[WhiteTeamCountry "GER"]
[BlackTeamCountry "GER"]

1. e4 c6 2. d4 d5 3. Nc3 dxe4 4. Nxe4 Bf5 5. Ng3 Bg6 6. N1e2 e6 7. Nf4 Be7 8. Nxg6 hxg6 9. c3 Qc7 10. Bd3 Nd7 11. Be3 Ndf6 12. Qf3 Bd6 13. h3 Ne7 14. 0-0-0 0-0-0 15. Bg5 Qa5 16. Bxf6 gxf6 17. Ne4 f5 18. Nxd6+ Rxd6 19. Kb1 Rd7 20. Bc4 Nd5 21. Rd2 Nb6 22. Bd3 Nd5 23. Rhd1 Qb6 24. Bc2 Rhd8 25. Bb3 Nf6 26. Bc2 Nd5 27. Bb3 1/2-1/2

[Event "Dortmund Sparkassen op-A 45th"]
[Site "Dortmund"]
[Date "2017.07.20"]
[Round "6"]
[White "Delere, Adrian"]
[Black "Borchert, Louis"]
[Result "1/2-1/2"]
[WhiteElo "1805"]
[BlackElo "1996"]
[PlyCount "92"]
[EventDate "2017.07.15"]
[EventType "swiss"]
[EventRounds "9"]
[EventCountry "GER"]
[SourceTitle "CBM 179 Extra"]
[Source "ChessBase"]
[SourceDate "2017.08.23"]
[SourceVersion "1"]
[SourceVersionDate "2017.08.23"]
[SourceQuality "1"]

1. e4 e5 2. Nf3 Nc6 3. d4 exd4 4. Nxd4 g6 5. Bc4 Bg7 6. Be3 d6 7. 0-0 Nf6 8. f3 0-0 9. Nc3 Qe7 10. Nd5 Nxd5 11. Bxd5 Ne5 12. Qd2 Nd7 13. c3 Nf6 14. Bb3 Re8 15. Rfe1 Be6 16. Nxe6 fxe6 17. Rad1 Rad8 18. Bg5 Qf8 19. Qe3 h6 20. Bxf6 Qxf6 21. Qxa7 Rb8 22. e5 dxe5 23. Rd7 Rec8 24. Rxc7 Bf8 25. Rxc8 Rxc8 26. Qxb7 Rd8 27. Qc6 Rd6 28. Qe4 Rd2 29. Qxe5 Qxe5 30. Rxe5 Rxb2 31. Bxe6+ Kg7 32. Bb3 Bd6 33. Re1 Bc5+ 34. Kh1 Be3 35. Rd1 Bd2 36. c4 Kf6 37. g3 g5 38. Rf1 Be3 39. Re1 Bc5 40. Rc1 h5 41. Rc2 Rb1+ 42. Kg2 Rg1+ 43. Kh3 Rf1 44. Kg2 Rg1+ 45. Kh3 Rf1 46. Kg2 Rg1+ 1/2-1/2

[Event "Steinfurt Bezirksliga 1516"]
[Site "Germany"]
[Date "2016.05.28"]
[Round "9.7"]
[White "Delere, Adrian"]
[Black "Buelter, Heinz"]
[Result "1-0"]
[WhiteElo "1553"]
[BlackElo "1324"]
[PlyCount "40"]
[EventDate "2015.09.19"]
[EventType "team-tourn"]
[EventRounds "9"]
[EventCountry "GER"]
[SourceTitle "EXT 2017"]
[Source "ChessBase"]
[SourceDate "2016.10.25"]
[SourceVersion "1"]
[SourceVersionDate "2016.10.25"]
[SourceQuality "1"]
[WhiteTeam "Emsdetten Rochade III"]
[BlackTeam "Neuenkirchen II"]
[WhiteTeamCountry "GER"]
[BlackTeamCountry "GER"]

1. e4 e6 2. d4 a6 3. Nc3 d6 4. f4 Be7 5. Nf3 Bd7 6. a4 Nf6 7. e5 Nd5 8. Nxd5 exd5 9. Bd3 Nc6 10. 0-0 0-0 11. c3 f5 12. Qc2 dxe5 13. Nxe5 Nxe5 14. fxe5 g6 15. c4 Be6 16. cxd5 Qxd5 17. Be3 Rac8 18. Rac1 c6 19. Bc4 Qxc4 20. Qxc4 Bb4 1-0

[Event "Steinfurt Bezirksliga 1516"]
[Site "Germany"]
[Date "2016.01.23"]
[Round "5.5"]
[White "Altenaehr, Johannes"]
[Black "Delere, Adrian"]
[Result "0-1"]
[WhiteElo "1346"]
[BlackElo "1553"]
[PlyCount "32"]
[EventDate "2015.09.19"]
[EventType "team-tourn"]
[EventRounds "9"]
[EventCountry "GER"]
[SourceTitle "EXT 2017"]
[Source "ChessBase"]
[SourceDate "2016.10.25"]
[SourceVersion "1"]
[SourceVersionDate "2016.10.25"]
[SourceQuality "1"]
[WhiteTeam "Rheine CC"]
[BlackTeam "Emsdetten Rochade III"]
[WhiteTeamCountry "GER"]
[BlackTeamCountry "GER"]

1. Nf3 f5 2. e3 Nf6 3. d4 d5 4. c4 e6 5. Nc3 c6 6. cxd5 exd5 7. Bd3 Bd6 8. Qc2 Ne4 9. 0-0 0-0 10. Qb3 Kh8 11. Nd2 Qe7 12. Re1 Bxh2+ 13. Kf1 Bd6 14. Ncxe4 fxe4 15. Bb1 Bg3 16. Re2 Bg4 0-1

[Event "Steinfurt Bezirksliga 1516"]
[Site "Germany"]
[Date "2015.12.19"]
[Round "4.7"]
[White "Delere, Adrian"]
[Black "Baltes, Manfred"]
[Result "1-0"]
[WhiteElo "1553"]
[BlackElo "1616"]
[PlyCount "33"]
[EventDate "2015.09.19"]
[EventType "team-tourn"]
[EventRounds "9"]
[EventCountry "GER"]
[SourceTitle "EXT 2017"]
[Source "ChessBase"]
[SourceDate "2016.10.25"]
[SourceVersion "1"]
[SourceVersionDate "2016.10.25"]
[SourceQuality "1"]
[WhiteTeam "Emsdetten Rochade III"]
[BlackTeam "Steinfurt II"]
[WhiteTeamCountry "GER"]
[BlackTeamCountry "GER"]

1. e4 e6 2. d4 d5 3. Nc3 Nf6 4. Bg5 Bb4 5. e5 h6 6. Bd2 Bxc3 7. Bxc3 Ne4 8. Bb4 c5 9. dxc5 Nxc5 10. Bxc5 Qa5+ 11. b4 Qc7 12. Bd6 Qc3+ 13. Ke2 Bd7 14. f3 Nc6 15. Kf2 Nd4 16. Ne2 Nxe2 17. Bxe2 1-0

[Event "Dortmund Sparkassen op-B"]
[Site "Dortmund"]
[Date "2015.07.04"]
[Round "8"]
[White "Delere, Adrian"]
[Black "Wuebker, Paul Luca"]
[Result "1/2-1/2"]
[WhiteElo "1566"]
[BlackElo "1710"]
[PlyCount "48"]
[EventDate "2015.06.27"]
[EventType "swiss"]
[EventRounds "9"]
[EventCountry "GER"]
[SourceTitle "CBM 167 Extra"]
[Source "ChessBase"]
[SourceDate "2015.09.14"]
[SourceVersion "1"]
[SourceVersionDate "2015.09.14"]
[SourceQuality "1"]

1. e4 c5 2. Nf3 d6 3. d4 cxd4 4. Nxd4 Nf6 5. Nc3 g6 6. Be3 Bg7 7. f3 0-0 8. Qd2 Nc6 9. Bc4 Bd7 10. 0-0-0 a6 11. Bb3 Na5 12. h4 Nxb3+ 13. Nxb3 h5 14. Nd5 Nxd5 15. exd5 f6 16. Rdg1 Kf7 17. g4 Rh8 18. gxh5 Rxh5 19. Qg2 Bf5 20. Nd4 Qd7 21. Ne6 Rc8 22. c3 Qa4 23. Nd4 Qd7 24. Ne6 Qa4 1/2-1/2

[Event "Dortmund Sparkassen op-B"]
[Site "Dortmund"]
[Date "2015.06.27"]
[Round "1"]
[White "Linke, Michael"]
[Black "Delere, Adrian"]
[Result "1-0"]
[WhiteElo "1762"]
[BlackElo "1566"]
[PlyCount "103"]
[EventDate "2015.06.27"]
[EventType "swiss"]
[EventRounds "9"]
[EventCountry "GER"]
[SourceTitle "CBM 167 Extra"]
[Source "ChessBase"]
[SourceDate "2015.09.14"]
[SourceVersion "1"]
[SourceVersionDate "2015.09.14"]
[SourceQuality "1"]

1. e4 e5 2. Bc4 Nf6 3. d3 Bc5 4. Nf3 Nc6 5. c3 a6 6. Nbd2 d5 7. exd5 Nxd5 8. Ne4 Ba7 9. h3 h6 10. Qe2 Nb6 11. Bb3 Qe7 12. Be3 Be6 13. 0-0 Nd5 14. Bxa7 Rxa7 15. Ng3 Nf4 16. Qe4 Bxb3 17. axb3 Ng6 18. Nf5 Qf6 19. Ne3 0-0 20. b4 Raa8 21. Nc4 Rfe8 22. Rfe1 Rad8 23. Na5 Nxa5 24. Rxa5 c6 25. Nxe5 Nxe5 26. Rxe5 Rxe5 27. Qxe5 Qxe5 28. Rxe5 Rxd3 29. Re8+ Kh7 30. Re7 Kg6 31. Rxb7 Rd1+ 32. Kh2 Kf6 33. Rb6 Rd6 34. Rxa6 Ke6 35. c4 Ke5 36. b3 Rf6 37. Kg3 Kd4 38. b5 Rg6+ 39. Kf3 Rf6+ 40. Ke2 Re6+ 41. Kd2 cxb5 42. Rxe6 fxe6 43. cxb5 Kc5 44. Kd3 Kxb5 45. Kd4 Kb4 46. Ke5 Kxb3 47. Kxe6 Kc3 48. Kf7 g5 49. Kg6 Kd3 50. Kxh6 Ke2 51. Kxg5 Kxf2 52. g4 1-0

[Event "Forchheim op-B 13th"]
[Site "Forchheim"]
[Date "2014.10.04"]
[Round "4"]
[White "Delere, Adrian"]
[Black "Pribylova, Sofie"]
[Result "1-0"]
[WhiteElo "1590"]
[BlackElo "1775"]
[PlyCount "69"]
[EventDate "2014.10.03"]
[EventType "swiss"]
[EventRounds "5"]
[EventCountry "GER"]
[SourceTitle "EXT 2019"]
[Source "ChessBase"]
[SourceDate "2018.10.10"]
[SourceVersion "1"]
[SourceVersionDate "2018.10.10"]
[SourceQuality "1"]

1. e4 c5 2. Nf3 d6 3. d4 cxd4 4. Nxd4 Nf6 5. Nc3 a6 6. f3 h5 7. Be3 e5 8. Nb3 Be6 9. Qd2 Nbd7 10. Be2 Rc8 11. 0-0-0 Nb6 12. f4 Qc7 13. Kb1 Nc4 14. Bxc4 Bxc4 15. Nd5 Bxd5 16. exd5 Ng4 17. fxe5 Nxe5 18. Bd4 g6 19. Bxe5 dxe5 20. d6 Qd7 21. Qd5 Bg7 22. Nc5 Rxc5 23. Qxc5 0-0 24. Qc7 Qb5 25. d7 e4 26. c3 Be5 27. Qc8 Bf6 28. d8Q Bxd8 29. Rxd8 Rxd8 30. Qxd8+ Kg7 31. Qd4+ Kg8 32. Qxe4 a5 33. Re1 a4 34. Qe8+ Qxe8 35. Rxe8+ 1-0

[Event "Steinfurt Bezirksliga 1415"]
[Site "Germany"]
[Date "2014.09.06"]
[Round "1.5"]
[White "Delere, Adrian"]
[Black "Holtmannspoetter, Michael"]
[Result "1/2-1/2"]
[WhiteElo "1489"]
[BlackElo "1616"]
[PlyCount "44"]
[EventDate "2014.09.06"]
[EventType "team-tourn"]
[EventRounds "9"]
[EventCountry "GER"]
[SourceTitle "EXT 2016"]
[Source "ChessBase"]
[SourceDate "2015.10.08"]
[SourceVersion "1"]
[SourceVersionDate "2015.10.08"]
[SourceQuality "1"]
[WhiteTeam "Emsdetten Rochade III"]
[BlackTeam "Reckenfeld"]
[WhiteTeamCountry "GER"]
[BlackTeamCountry "GER"]

1. e4 e5 2. Nf3 d6 3. Nc3 Nf6 4. d4 exd4 5. Nxd4 Be7 6. Bc4 0-0 7. h3 c5 8. Nf3 h6 9. 0-0 Nc6 10. Bf4 a6 11. a4 Be6 12. Bd5 Rc8 13. Qe2 Qd7 14. b3 Nb4 15. Rfd1 Rfe8 16. Na2 Nbxd5 17. exd5 Nxd5 18. Bh2 Bf6 19. Rac1 Rc6 20. c4 Ne7 21. Nc3 Bf5 22. Qd2 Rd8 1/2-1/2

[Event "GER-ch U10"]
[Site "Magdeburg"]
[Date "2014.06.13"]
[Round "10"]
[White "Delere, Adrian"]
[Black "Sulayev, Daniel"]
[Result "1/2-1/2"]
[WhiteElo "1447"]
[BlackElo "1334"]
[PlyCount "78"]
[EventDate "2014.06.08"]
[EventType "swiss"]
[EventRounds "11"]
[EventCountry "GER"]
[SourceTitle "CBM 160 Extra"]
[Source "ChessBase"]
[SourceDate "2014.07.01"]
[SourceVersion "1"]
[SourceVersionDate "2014.07.01"]
[SourceQuality "1"]

1. e4 e5 2. Nf3 Nc6 3. Nc3 Nf6 4. d4 exd4 5. Nxd4 Bb4 6. Nxc6 bxc6 7. Bd3 d5 8. exd5 cxd5 9. 0-0 0-0 10. a3 Be7 11. Bg5 c6 12. h3 h6 13. Bh4 Be6 14. Re1 Rb8 15. Rb1 Qc7 16. Bg3 Bd6 17. Bxd6 Qxd6 18. Ne2 Rfe8 19. Ng3 Nd7 20. b4 Ne5 21. Nf5 Bxf5 22. Bxf5 Qf6 23. Bd3 Re7 24. Re3 Rbe8 25. Qe2 Nxd3 26. cxd3 Rxe3 27. fxe3 Qc3 28. a4 Qa3 29. a5 Rb8 30. Qc2 Rxb4 31. Rxb4 Qxb4 32. Qxc6 Qxa5 33. Qc8+ Kh7 34. Qf5+ Kh8 35. Qc8+ Kh7 36. Qf5+ Kh8 37. Qc8+ Kh7 38. Qf5+ Kh8 39. Qc8+ Kh7 1/2-1/2

[Event "GER-ch U10"]
[Site "Magdeburg"]
[Date "2014.06.13"]
[Round "9"]
[White "Hommel, Niclas"]
[Black "Delere, Adrian"]
[Result "1-0"]
[WhiteElo "1501"]
[BlackElo "1447"]
[PlyCount "77"]
[EventDate "2014.06.08"]
[EventType "swiss"]
[EventRounds "11"]
[EventCountry "GER"]
[SourceTitle "CBM 160 Extra"]
[Source "ChessBase"]
[SourceDate "2014.07.01"]
[SourceVersion "1"]
[SourceVersionDate "2014.07.01"]
[SourceQuality "1"]

1. e4 e5 2. Nf3 Nc6 3. Bb5 a6 4. Ba4 Nf6 5. 0-0 b5 6. Bb3 Be7 7. Re1 0-0 8. c3 d6 9. h3 Bb7 10. d3 Re8 11. Nbd2 h6 12. Nf1 Bf8 13. Ng3 Na5 14. Bc2 c5 15. d4 exd4 16. cxd4 Nc6 17. a3 Nxd4 18. Nxd4 cxd4 19. Qxd4 Rc8 20. Qd1 d5 21. e5 Ne4 22. Bf4 f6 23. Nxe4 fxe5 24. Bxe5 Rxe5 25. Bb3 Kh8 26. Ng3 Qe7 27. Rxe5 Qxe5 28. Rc1 Qxb2 29. Rxc8 Bxc8 30. Qxd5 Kh7 31. Qg8+ Kg6 32. Qxf8 Qxb3 33. Qxc8 Qb1+ 34. Kh2 Qd3 35. Qe6+ Kg5 36. Qf7 g6 37. f4+ Kh4 38. Qf6+ g5 39. Qxh6# 1-0